|
|
|
|
| LEADER |
00625nam a22001811a 4500 |
| 020 |
|
|
|a 9780195602265
|
| 082 |
|
|
|a E2
|b GIR/T
|
| 100 |
|
|
|a Girish Karnard
|9 161380
|
| 245 |
|
|
|a Tughlaq :
|b a play in thirteen scenes/
|c by Girish Karnard
|
| 260 |
|
|
|a New Delhi:
|b Oxford University Press,
|c 1998.
|
| 300 |
|
|
|a 86p.
|
| 500 |
|
|
|a Girish Karnad
|
| 650 |
|
|
|a Drama English
|9 161381
|
| 650 |
|
|
|a Literature English
|9 161382
|
| 650 |
|
|
|a Literature
|9 161383
|
| 942 |
|
|
|c BK
|
| 999 |
|
|
|c 47717
|d 47717
|
| 952 |
|
|
|0 0
|1 0
|4 0
|6 E_2_000000000000000_GIR_T
|7 0
|9 69133
|a SSUS
|b SSUS
|c STACKS
|d 2015-01-08
|g 35.00
|o E2 GIR/T
|p 027830
|r 2015-01-08
|v 0.00
|w 2015-01-08
|y BK
|